Marques de voitures - Logos #1 - Statistiques

Statistiques générales
  • Ce quiz a été pris 165 165 fois
    161 515 depuis la dernière actualisation
  • Le résultat moyen est 8 sur 10
Statistiques - réponses
Par images Hint Réponse % Correct
Allemagne Audi
99%
Allemagne Mercedes
94%
France Citroën
93%
France Renault
91%
Japon Honda
88%
Allemagne Opel
88%
États-Unis Chevrolet
87%
Corée du Sud Hyundai
77%
Angleterre Aston Martin
70%
Allemagne Smart
59%
Aucun quiz correspondant
Distribution des résultats
% des personnes avec chaque résultat
Percentile par nombre de réponses
Votre historique - résultats
Vous n’avez pas pris ce quiz depuis la dernière actualisation